Słowa zawierające literę Ż - Statystyki

Ogólne statystyki
  • Ten quiz został rozwiązany 37 razy
  • Średni wynik to 19 z 97
Statystyki odpowiedzi
Odpowiedź % Poprawnych
żaba
78%
że
75%
żar
69%
żal
66%
żel
66%
życie
56%
żak
53%
żona
53%
wąż
50%
żart
50%
żuk
50%
żur
47%
nóż
44%
żółw
41%
żubr
41%
żyto
41%
żółć
38%
żyrafa
34%
róż
31%
ważka
31%
żebro
31%
żyła
31%
żeby
28%
żołnierz
28%
żuchwa
28%
beż
25%
dżdżownica
25%
dżem
25%
loża
25%
pożar
25%
róża
25%
żonkil
25%
garaż
22%
jeż
22%
wieża
22%
żakiet
22%
żelki
22%
żuraw
22%
abażur
19%
bażant
19%
straż
19%
żebrak
19%
żelazko
19%
żelazo
19%
żłobek
19%
życzenie
19%
żyrandol
19%
leżak
16%
łóżko
16%
może
16%
może
16%
wróżka
16%
żaden
16%
żagiel
16%
żniwo
16%
żołądź
16%
bagaż
13%
wróżba
13%
żołądek
13%
żywot
13%
bagażnik
9%
dżungla
9%
książka
9%
żaluzja
9%
żółtko
9%
gdyż
6%
jeżyna
6%
małżeństwo
6%
żelatyna
6%
żyletka
6%
bożek
3%
drożdże
3%
filiżanka
3%
gadżet
3%
koleżanka
3%
książe
3%
księżniczka
3%
plaża
3%
pożegnanie
3%
służba
3%
wstążka
3%
żywopłot
3%
dożywocie
0%
drożdżówka
0%
drużyna
0%
jakże
0%
jeżozwierz
0%
księżyc
0%
nożyczki
0%
odważnik
0%
ponieważ
0%
przeżycie
0%
rozdroże
0%
rożno
0%
wieżowiec
0%
wybrzeże
0%
zjeżdżalnia
0%
Nie znaleziono quizów pasujących do podanych kryteriów
Rozkład punktacji
Procent ludzi z każdym wynikiem
Percentyl według liczby udzielonych odpowiedzi
Twoja historia wyników
Nie rozwiązałeś tego quizu